00582nam a22001575i 4500001000700000003000900007005001700016008004100033100003500074245007200109260007600181300002100257650004100278651003300319852007200352166024ES-MaACL20230906213241.0981002s1900 sp |||| | spa d1 aSobrini y Argullós, Gerardo.13aLa defensa nacional y la Marina de guerra / cpor Jack Tar [seud.]. aCádiz : b[s.n.], c1900 (fTip. Gaditana de F. Rodríguez de Silva) a55 p. ; c21 cm. 4aMarina de guerra-zEspaña-yS.XIX. 4aEspaña-xDefensa nacional. aES-MaACLjT-1004-F-4 z- Enc. hol. z- Enc. en un vol. facticio